| 000 | 00682cam a22002291a 4500 | ||
|---|---|---|---|
| 999 |
_c9125 _d9125 |
||
| 003 | BD-JhCC | ||
| 005 | 20181204103335.0 | ||
| 008 | 080308s1968 mauab 000 0 eng | ||
| 035 | _a(BD-JhCC) | ||
| 040 |
_aDLC _cDLC _dBD-JhCC |
||
| 041 | _aeng | ||
| 050 | 0 | 0 |
_aKF4550.Z9 _bH4 1968 |
| 082 |
_bHEA 1968 _a342.73 |
||
| 100 | 1 | _aHeathcock, Claude L. | |
| 245 | 1 | 4 |
_aThe United States Constitution in perspective / _cby Claude L. Heathcock. |
| 260 |
_aBoston : _bAllyn and Bacon, _c1968. |
||
| 300 |
_av, 322 p. : _billus., maps, _c21 cm. |
||
| 650 | 0 |
_aConstitutional history _zUnited States. |
|
| 650 | 0 |
_aConstitutional law _zUnited States. |
|
| 942 |
_2ddc _cBK |
||